书目信息 |
| 书名: | PHYSICS | |
| 作者: | JAMES T.MURPHY and ROBERT C.SMOOT. | |
| 分册号: | ||
| 分册名: | 出版地: | OHIO : |
|
| 出版社: | CHARLES E.MERRILL PUBLISHING CO | |
| 出版时间: | 1972. | |
| 页数: | 58 p. ; | |
| 开本: | 26cm. | |
| 丛书名: | ||
| 中图分类号: | ||
| 科图分类号: | ||
| 其他分类号: | O4:H31 | |
| 主题词: | ||
| 电子资源: | ||
| 000 | 00469nam 2200157 a 4500 | |
| 001 | E0755673804 | |
| 005 | 20070506153153.65 | |
| 008 | 070506s1972 00010 eng | |
| 020 | @a0-675-07461-4 :@cCNY8.00. | |
| 040 | @aPFT@beng | |
| 090 | @aO4:H31 | |
| 099 | @dO4:H31@ex113 | |
| 245 | 1 | @aPHYSICS :@bPrinciples and Problems / @cJAMES T.MURPHY and ROBERT C.SMOOT. |
| 260 | @aOHIO :@bCHARLES E.MERRILL PUBLISHING CO.,@c1972. | |
| 300 | @a58 p. ;@c26cm. | |
| 500 | @aIncludes Index | |
| PHYSICS : : Principles and Problems / / JAMES T.MURPHY and ROBERT C.SMOOT.-OHIO : : CHARLES E.MERRILL PUBLISHING CO., , 1972. |
| 58 p. ; ; 26cm. |
| Includes Index |
| ISBN 0-675-07461-4 :CNY8.00. |
| ● |
| 相关链接 |
|
|
|
|
正题名:PHYSICS
索取号:O4:H31/x113
 
预约/预借
| 序号 | 登录号 | 条形码 | 馆藏地/架位号 | 状态 | 备注 |
| 1 | 48319 | 000451451 | 第二样本阅览室/ [索取号:O4:H31/x113] | 在馆 |